Statistics for One Direction Lyrics Quiz (Hard)

Click here to take the quiz!

General Stats

  • This quiz has been taken 25 times
  • The average score is 10 of 14

Answer Stats

HintAnswer% Correct
"Stockholm Syndrome"
I know they'll be coming to find me soon
But my Stockholm syndrome is in your___
room
94%
"Where Do Broken Hearts Go"
Shadows come with the pain that you're running from
Love was something you've never heard___
enough
81%
"Never Enough"
Lips so good I forget my name
I swear I could give you___
everything
81%
"I Want"
I would find lots of things
Clothes, shoes, diamond rings
Stuff that's driving me___
insane
81%
"Ready to Run"
There's a devil in your smile, it's chasing me
And every time I turn around it's only gaining___
speed
81%
"If I Could Fly"
Pay attention, I hope that you listen
'Cause I let my guard down
Right now I'm completely___
defenseless
75%
"Home"
So many nights I thought it over
Told myself I kind of liked her
But there was something missing in her___
eyes
75%
"Something Great"
I want you here with me
Like how I pictured it
So I don't have to keep___
imagining
75%
"Truly Madly Deeply"
Should I put coffee and granola on a tray in bed
And wake you up with all the words that I still haven't___
said
69%
"Wolves"
I ain't up for debating
Ain't in it for the taking
We got the world___
shaking
69%
"Illusion"
I been thinking about the nights
And the dangerous tricks
People play on the eyes of the___
innocent
56%
"Another World"
It's not me, it's not you, there's a reason
I'm just tryna' read the signals I'm___
receiving
56%
"Stand Up"
I would walk through the desert
I would walk down the___
aisle
50%
"Magic"
But baby you got me moving too fast
'Cause I know you wanna be___
bad
25%

Score Distribution

Percentile by Number Answered

Percent of People with Each Score

Your Score History

You have not taken this quiz